banner koha

Algas: aproveitamento energetico (Registro n. 275503)

MARC details
000 -LÍDER
campo de controle de tamanho fixo 00955nac a22003137a 4500
001 - NÚMERO DE CONTROLE
campo de controle BR8300329
003 - IDENTIFICADOR DO NÚMERO DE CONTROLE
campo de controle BR-BrBNA
005 - DATA E HORÁRIO DA ÚLTIMA TRANSAÇÃO
campo de controle 20240105115611.0
008 - CAMPO DE DADOS FIXOS--INFORMAÇÃO GERAL
campo de controle de tamanho fixo 230509b bl.|||m| |||| 00| 0 por d
040 ## - FONTE DA CATALOGAÇÃO
Instituição da catalogação original BR-BrBNA
Idioma da catalogação por
Instituição que transcreveu o registro Biblioteca Nacional de Agricultura
072 ## - CÓDIGO DE CATEGORIA DE ASSUNTO
Código de Categoria de Assunto P05
090 ## - NÚMERO DE CHAMADA LOCAL
Número de chamada 3410 BR8300329
100 1# - ENTRADA PRINCIPAL--NOME PESSOAL
Nome pessoal Silva, P. de C.M. da
100 1# - ENTRADA PRINCIPAL--NOME PESSOAL
Nome pessoal Bastos Netto, D.
100 1# - ENTRADA PRINCIPAL--NOME PESSOAL
Nome pessoal Muniz, A.C.
100 1# - ENTRADA PRINCIPAL--NOME PESSOAL
Nome pessoal Barros, Y.N.
110 1# - ENTRADA PRINCIPAL--NOME CORPORATIVO
Nome corporativo ou nome da jurisdição Instituto de Pesquisas da Marinha, Rio de Janeiro, RJ (Brasil)
9 (RLIN) 6154
245 1# - TÍTULO
Título Algas: aproveitamento energetico
246 1# - FORMA VARIANTE DO TÍTULO
Título/título abreviado [Algae: energetic use]
260 3# - PUBLICAÇÃO, DISTRIBUIÇÃO, ETC.
Local de publicação, distribuição, etc. Rio de Janeiro, RJ (Brasil):
Data da publicação, distribuição, etc. 1982.
300 ## - DESCRIÇÃO FÍSICA
Extensão 8 p.
490 ## - TÍTULO DA SÉRIE
Título da série Publicacao do Instituto de Pesquisas da Marinha (Brazil)
Número do volume ou designação sequencial da série no. 146
ISSN - International Standard Serial Number
500 ## - NOTA GERAL
Nota geral Summaries (En, Pt)
650 ## - ASSUNTO--TERMO TÓPICO
Cabeçalho tópico ou nome geográfico ALGA
650 ## - ASSUNTO--TERMO TÓPICO
Cabeçalho tópico ou nome geográfico BIOGAS
650 ## - ASSUNTO--TERMO TÓPICO
Cabeçalho tópico ou nome geográfico FERMENTACAO ANAEROBICA
909 ## -
-- 202312
-- Lúcia Elande
-- 55
-- Lúcia Elande
942 ## - ELEMENTOS DE ENTRADA ADICIONADOS (KOHA)
Fonte da classificação ou esquema de arquivamento na estante Classificação AGRIS
Ocultar no OPAC Não
Tipo de material Koha Monografia Seriada
Exemplares
Situação do descarte Fonte da classificação ou esquema de arquivamento na estante Situação física Não pode ser emprestado Coleção Biblioteca de origem Biblioteca atual Localização na estante Total de empréstimos Número de telefone completo Código de barras Data de último acesso Tipo de material Koha Fonte de aquisição
  Classificação AGRIS       Biblioteca Nacional de Agricultura - Binagri Biblioteca Nacional de Agricultura - Binagri Agrobase - Acervo Geral   3410 BR8300329 3410 BR8300329 18/12/2023 Monografia Seriada Portaria Interministerial nº 164/94

BINAGRI

Telefone: (61)3218-2567/2388/3357/2097 - binagri@agro.gov.br

Ministério da Agricultura e Pecuária , Esplanada dos Ministérios, Bloco D, Anexo B, Brasília/DF, CEP: 70.043-900